000
00302nam a2200133Ia 4500
008
191201s2004 xx 000 0 und d
100
_a
JOHAR, K L
245
0
_a
Kultar Singh
250
_a
1st
260
_a
N.Delhi
_b
Sneh Prakashan
_c
2004
300
_a
304
650
_a
General Books
942
_2
ddc
_c
BK
999
_c
2395
_d
2395